[Event "BCF-chT4S 1718 (4NCL)"]
[Site "England"]
[Date "2018.05.06"]
[Round "10.96"]
[White "Homolka, Vincent"]
[Black "Woods, Timothy J"]
[Result "1-0"]
[WhiteElo "1779"]
[BlackElo "1642"]
[PlyCount "75"]
[EventDate "2017.11.11"]
[EventType "team-swiss"]
[EventRounds "11"]
[EventCountry "ENG"]
[SourceTitle "EXT 2020"]
[Source "ChessBase"]
[SourceDate "2019.10.17"]
[SourceVersion "1"]
[SourceVersionDate "2019.10.17"]
[SourceQuality "1"]
[WhiteTeam "CSC Dragons III"]
[BlackTeam "Sussex Martlets III"]
[WhiteTeamCountry "ENG"]
[BlackTeamCountry "ENG"]

1. c4 g6 2. g3 Bg7 3. Bg2 d6 4. Nc3 Nc6 5. e4 e5 6. Nge2 f5 7. d3 Nf6 8. 0-0 0-0 9. h3 Be6 10. Nd5 Qc8 11. Kh2 h6 12. Be3 Qd7 13. Qd2 Kh7 14. Nec3 a6 15. Rae1 Nh5 16. Ne2 Nd8 17. f4 fxe4 18. dxe4 Nf7 19. Rf2 Rad8 20. b3 Rde8 21. Ref1 c6 22. Ndc3 d5 23. cxd5 cxd5 24. exd5 Bf5 25. g4 Bxg4 26. hxg4 Qxg4 27. f5 Ng5 28. fxg6+ Kxg6 29. Bxg5 hxg5 30. Rxf8 Rxf8 31. Rxf8 Bxf8 32. Qd3+ Kh6 33. Qf3 Qh4+ 34. Qh3 Qxh3+ 35. Kxh3 Nf4+ 36. Nxf4 exf4 37. Kg4 Kg6 38. Ne4 1-0

[Event "BCF-chT4S 1718 (4NCL)"]
[Site "England"]
[Date "2018.01.13"]
[Round "3.73"]
[White "Rathbone Jones, Ifan"]
[Black "Homolka, Vincent"]
[Result "1-0"]
[WhiteElo "1787"]
[BlackElo "1779"]
[PlyCount "45"]
[EventDate "2017.11.11"]
[EventType "team-swiss"]
[EventRounds "11"]
[EventCountry "ENG"]
[SourceTitle "EXT 2020"]
[Source "ChessBase"]
[SourceDate "2019.10.17"]
[SourceVersion "1"]
[SourceVersionDate "2019.10.17"]
[SourceQuality "1"]
[WhiteTeam "Fischer's Catch"]
[BlackTeam "CSC Dragons III"]
[WhiteTeamCountry "WLS"]
[BlackTeamCountry "ENG"]

1. e4 d5 2. exd5 Qxd5 3. Nc3 Qa5 4. d4 Nf6 5. Nf3 c6 6. Bd2 Bf5 7. Bc4 e6 8. 0-0 Nbd7 9. Re1 Qc7 10. h3 Nb6 11. Bb3 0-0-0 12. a4 Bd6 13. Ne5 Nbd5 14. Na2 Ne4 15. c4 Ndf6 16. Bf4 g5 17. Bh2 Nxf2 18. Kxf2 Ne4+ 19. Kg1 c5 20. Nc3 cxd4 21. Nb5 Qe7 22. Nxa7+ Kb8 23. Nac6+ 1-0

[Event "BCF-chT4S 1617 (4NCL)"]
[Site "England"]
[Date "2017.03.19"]
[Round "8.111"]
[White "Homolka, Vincent"]
[Black "Karia, Rishul"]
[Result "1/2-1/2"]
[WhiteElo "1779"]
[BlackElo "1915"]
[PlyCount "58"]
[EventDate "2016.11.26"]
[EventType "team-swiss"]
[EventRounds "11"]
[EventCountry "ENG"]
[SourceTitle "EXT 2019"]
[Source "ChessBase"]
[SourceDate "2018.10.10"]
[SourceVersion "1"]
[SourceVersionDate "2018.10.10"]
[SourceQuality "1"]
[WhiteTeam "CSC Hippos"]
[BlackTeam "Barnet Knights II"]
[WhiteTeamCountry "ENG"]
[BlackTeamCountry "ENG"]

1. e4 e5 2. Bc4 Nf6 3. d3 d6 4. Nc3 Nc6 5. f4 Bg4 6. Nf3 Nh5 7. h3 Bxf3 8. Qxf3 Qh4+ 9. Kd1 Nd4 10. Qe3 Nxf4 11. g3 Qh5+ 12. g4 Qh4 13. Nd5 Nxd5 14. Bxd5 c6 15. Bc4 Be7 16. c3 Ne6 17. Qf3 Qf6 18. Rf1 Qxf3+ 19. Rxf3 0-0 20. Kc2 Rad8 21. Be3 d5 22. Bb3 Bc5 23. exd5 cxd5 24. Re1 d4 25. Bg1 dxc3 26. Bxe6 Bxg1 27. Bc4 Bh2 28. bxc3 Bf4 29. d4 Rde8 1/2-1/2

[Event "BCF-ch Seniors 50"]
[Site "Coventry"]
[Date "2015.08.05"]
[Round "4"]
[White "Homolka, Vincent"]
[Black "Gostelow, David W"]
[Result "0-1"]
[WhiteElo "1814"]
[BlackElo "2044"]
[PlyCount "68"]
[EventDate "2015.08.02"]
[EventType "swiss"]
[EventRounds "6"]
[EventCountry "ENG"]
[SourceTitle "CBM 167 Extra"]
[Source "ChessBase"]
[SourceDate "2015.09.14"]
[SourceVersion "1"]
[SourceVersionDate "2015.09.14"]
[SourceQuality "1"]

1. e4 c5 2. Nc3 e6 3. g3 d5 4. d3 Nc6 5. Bg2 d4 6. Nce2 e5 7. f4 Bd6 8. Nf3 Nge7 9. 0-0 a6 10. a4 Bd7 11. Bd2 b5 12. axb5 axb5 13. c3 0-0 14. cxd4 cxd4 15. fxe5 Bxe5 16. Nf4 Bg4 17. Qb3 Qd6 18. Rfc1 h6 19. Nxe5 Qxe5 20. Bb4 Rxa1 21. Rxa1 Nxb4 22. Qxb4 Rc8 23. Qb3 Rc5 24. Ra8+ Nc8 25. Bh3 Bxh3 26. Nxh3 Rc1+ 27. Kg2 Qf6 28. Nf2 Qc6 29. Ra5 Nd6 30. Qa3 Rc5 31. Qb4 Nf5 32. Ra6 Ne3+ 33. Kf3 Rf5+ 34. Ke2 Qc2+ 0-1

[Event "BCF-chT3 1415 (4NCL)"]
[Site "England"]
[Date "2015.05.02"]
[Round "9.52"]
[White "Boswell, Jacob Connor"]
[Black "Homolka, Vincent"]
[Result "1/2-1/2"]
[WhiteElo "1757"]
[BlackElo "1790"]
[PlyCount "53"]
[EventDate "2015.03.21"]
[EventType "team-swiss"]
[EventRounds "11"]
[EventCountry "ENG"]
[SourceTitle "EXT 2016"]
[Source "ChessBase"]
[SourceDate "2015.10.08"]
[SourceVersion "1"]
[SourceVersionDate "2015.10.08"]
[SourceQuality "1"]
[WhiteTeam "Cheddleton III"]
[BlackTeam "e2e4.org.uk V"]
[WhiteTeamCountry "ENG"]
[BlackTeamCountry "ENG"]

1. e4 d5 2. exd5 Qxd5 3. d4 e5 4. Nf3 Nc6 5. Nc3 Bb4 6. Bd2 Bxc3 7. Bxc3 e4 8. Ne5 Nxe5 9. dxe5 Ne7 10. e6 Bxe6 11. Bxg7 Rg8 12. Bf6 Qxd1+ 13. Rxd1 Rg6 14. Be5 Nd5 15. a3 0-0-0 16. g3 Bg4 17. Be2 Bxe2 18. Kxe2 Re6 19. Bd4 c5 20. Bxc5 Rc6 21. c4 Rxc5 22. cxd5 Rcxd5 23. Rxd5 Rxd5 24. Rc1+ Kd7 25. Rc4 f5 26. g4 fxg4 27. Rxe4 1/2-1/2

[Event "Birmingham 4NCL op-B 1st"]
[Site "Birmingham"]
[Date "2015.02.01"]
[Round "4"]
[White "Portman, Carl S"]
[Black "Homolka, Vincent"]
[Result "0-1"]
[WhiteElo "1981"]
[BlackElo "1797"]
[PlyCount "96"]
[EventDate "2015.01.30"]
[EventType "swiss"]
[EventRounds "5"]
[EventCountry "ENG"]
[SourceTitle "EXT 2023"]
[Source "ChessBase"]
[SourceDate "2022.10.05"]
[SourceVersion "1"]
[SourceVersionDate "2022.10.05"]
[SourceQuality "1"]

1. d4 d5 2. Nf3 Nf6 3. c4 e6 4. Nc3 Be7 5. Bf4 c6 6. e3 0-0 7. Qc2 Nbd7 8. a4 Qa5 9. Bd3 dxc4 10. Bxc4 c5 11. 0-0 cxd4 12. exd4 b6 13. Ne5 Bb7 14. Bd3 Rfd8 15. Rfe1 Rac8 16. Qe2 Nd5 17. Bd2 N7f6 18. Nxf7 Kxf7 19. Qxe6+ Kf8 20. Ne4 Bb4 21. Ng5 Rc7 22. Bxb4+ Qxb4 23. Qf5 Bc8 24. Nxh7+ Kg8 25. Nxf6+ Nxf6 26. Qf4 Re7 27. Rxe7 Qxe7 28. Bc4+ Kf8 29. Qh4 Be6 30. Re1 Rd6 31. Qh8+ Ng8 32. h3 Qf7 33. Bb5 Rxd4 34. Re3 Rd1+ 35. Kh2 Qf4+ 36. Rg3 Qh6 37. Rf3+ Ke7 38. Qxh6 Nxh6 39. Rc3 Rd2 40. Rc7+ Kf6 41. Rxa7 Rxf2 42. Kg3 Rxb2 43. Ra6 Nf5+ 44. Kf4 Rb4+ 45. Kf3 Nd4+ 46. Kf2 Rb2+ 47. Kg3 Nxb5 48. Rxb6 Rb3+ 0-1

[Event "Birmingham 4NCL op-B 1st"]
[Site "Birmingham"]
[Date "2015.01.31"]
[Round "2"]
[White "Crouch, Timothy J"]
[Black "Homolka, Vincent"]
[Result "0-1"]
[WhiteElo "1575"]
[BlackElo "1797"]
[PlyCount "97"]
[EventDate "2015.01.30"]
[EventType "swiss"]
[EventRounds "5"]
[EventCountry "ENG"]
[SourceTitle "EXT 2023"]
[Source "ChessBase"]
[SourceDate "2022.10.05"]
[SourceVersion "1"]
[SourceVersionDate "2022.10.05"]
[SourceQuality "1"]

1. e4 d5 2. e5 Bf5 3. f4 e6 4. Nf3 c5 5. Bb5+ Nd7 6. 0-0 a6 7. Bxd7+ Qxd7 8. Kh1 Ne7 9. d4 Nc6 10. c3 Rc8 11. Be3 c4 12. Nbd2 Be7 13. Rf2 b5 14. a3 a5 15. Nf1 b4 16. axb4 axb4 17. Ng3 Bg4 18. h3 Bxf3 19. Qxf3 g6 20. Rc2 0-0 21. Qe2 Ra8 22. Rcc1 Na5 23. Rf1 Nb3 24. Rab1 Ra2 25. Qg4 Kh8 26. Ne2 Rb8 27. h4 h5 28. Qh3 Qd8 29. g3 bxc3 30. Nxc3 Ra5 31. Rf2 Ra7 32. Rh2 Rba8 33. g4 Ra1 34. gxh5 Rxb1+ 35. Nxb1 Ra1 36. Qf1 Qg8 37. Rg2 Qh7 38. hxg6 fxg6 39. Qd1 g5 40. Rg1 gxf4 41. Bf2 Qf5 42. Kh2 Bb4 43. Rg5 Qf7 44. Qg4 Rxb1 45. Rh5+ Qh7 46. Rxh7+ Kxh7 47. Qh5+ Kg7 48. Qg5+ Kh7 49. Qe7+ 0-1

[Event "High Wycombe e2e4 Challengers op 03"]
[Site "High Wycombe"]
[Date "2014.03.16"]
[Round "5"]
[White "Misyura, Ilya"]
[Black "Homolka, Vincent"]
[Result "1-0"]
[WhiteElo "1930"]
[BlackElo "1801"]
[PlyCount "125"]
[EventDate "2014.03.14"]
[EventType "swiss"]
[EventRounds "5"]
[EventCountry "ENG"]
[SourceTitle "EXT 2015"]
[Source "ChessBase"]
[SourceDate "2014.11.20"]
[SourceVersion "1"]
[SourceVersionDate "2014.11.20"]
[SourceQuality "1"]

1. d4 d5 2. c4 e6 3. Nc3 c5 4. e3 Nc6 5. Nf3 Nf6 6. cxd5 exd5 7. dxc5 Bxc5 8. Bb5 0-0 9. 0-0 a6 10. Bxc6 bxc6 11. b3 Qa5 12. Bb2 Bg4 13. h3 Bxf3 14. Qxf3 Ba3 15. Bxa3 Qxa3 16. Rac1 Rac8 17. Qe2 Rfd8 18. Rc2 a5 19. Rfc1 Qb4 20. Na4 Qb7 21. Rc5 Qc7 22. Qa6 Rd6 23. Qxa5 Nd7 24. Qxc7 Rxc7 25. R5c2 Kf8 26. Nc5 Ke7 27. Kf1 Ra7 28. a4 Nxc5 29. Rxc5 Rb7 30. Rb1 Rb6 31. Ke2 Rd7 32. b4 Kd6 33. Rc2 Ra7 34. Ra2 Rab7 35. Rab2 Ra6 36. a5 Rb5 37. Kd3 Ke5 38. f4+ Ke6 39. g4 g6 40. Kc3 c5 41. Kd3 cxb4 42. Rxb4 Rxb4 43. Rxb4 Rxa5 44. Rb6+ Ke7 45. Kd4 Kd7 46. Rb8 Ke6 47. Re8+ Kd6 48. Rh8 Ra4+ 49. Kd3 Ra2 50. Rxh7 Ke6 51. h4 Rg2 52. g5 Rh2 53. Rh8 Kd6 54. Rf8 Ke7 55. Rh8 Kd6 56. e4 dxe4+ 57. Kxe4 Ke6 58. h5 gxh5 59. f5+ Ke7 60. Kf4 Rh4+ 61. Ke5 Rh3 62. f6+ Kd7 63. g6 1-0

[Event "High Wycombe e2e4 Challengers op 03"]
[Site "High Wycombe"]
[Date "2014.03.15"]
[Round "3"]
[White "Hinterreither, Nikolai"]
[Black "Homolka, Vincent"]
[Result "0-1"]
[WhiteElo "1716"]
[BlackElo "1801"]
[PlyCount "70"]
[EventDate "2014.03.14"]
[EventType "swiss"]
[EventRounds "5"]
[EventCountry "ENG"]
[SourceTitle "EXT 2015"]
[Source "ChessBase"]
[SourceDate "2014.11.20"]
[SourceVersion "1"]
[SourceVersionDate "2014.11.20"]
[SourceQuality "1"]

1. e4 d5 2. exd5 Qxd5 3. Nc3 Qa5 4. d4 Nf6 5. Nf3 c6 6. Bd2 Bf5 7. Bc4 e6 8. Ne4 Qc7 9. Nxf6+ gxf6 10. Bc3 Nd7 11. Qe2 0-0-0 12. Nh4 Bg6 13. 0-0-0 Qf4+ 14. Qe3 Qxh4 15. g3 Qh6 16. f4 Nb6 17. Bb3 Be7 18. h3 Rhe8 19. Kb1 Qf8 20. Rhf1 Nd5 21. Qe2 Bb4 22. Bxb4 Qxb4 23. Ka1 f5 24. a3 Qe7 25. Qd2 Nf6 26. Qa5 b6 27. Qa6+ Qb7 28. Qe2 Bh5 29. g4 fxg4 30. Qe5 Qe7 31. hxg4 Bxg4 32. Rd2 Bf5 33. Qe2 Rg8 34. Qa6+ Qb7 35. Qxb7+ Kxb7 0-1